Statistics for Biggest Cities in Afghanistan

Click here to take the quiz!

General Stats

  • This quiz has been taken 93 times
    (85 since last reset)
  • The average score is 5 of 12

Answer Stats

PopulationProvinceCity% Correct
4,434,600KabulKabul
100%
523,300KandaharKandahar
78%
574,300HeratHerat
77%
484,500BalkhMazar-i-Sharif
61%
271,900NangarharJalalabad
55%
189,300KunduzKunduz
32%
123,700BaghlanPul-e Khumri
25%
89,300HelmandLashkargah
17%
83,300TakharTaloqan
17%
93,600JowzjanSheberghan
13%
98,000FaryabMaymana
12%
79,600BaghlanBaghlan
10%

Score Distribution

Percentile by Number Answered

Percent of People with Each Score

Your Score History

You have not taken this quiz since the last reset